The magic school bus : in the time of the dinosaurs / (Record no. 114945)
[ view plain ]
| 000 -LEADER | |
|---|---|
| fixed length control field | 00483nam a2200145 a 4500 |
| 005 - DATE AND TIME OF LATEST TRANSACTION | |
| control field | 20140414132117.0 |
| 008 - FIXED-LENGTH DATA ELEMENTS--GENERAL INFORMATION | |
| fixed length control field | 111026s19uu xx 00 eng d |
| 020 ## - INTERNATIONAL STANDARD BOOK NUMBER | |
| International Standard Book Number | 0590446886 |
| 050 ## - LIBRARY OF CONGRESS CALL NUMBER | |
| Classification number | M 567.9 |
| Item number | C67 1992 |
| 100 ## - MAIN ENTRY--PERSONAL NAME | |
| Personal name | Cole, Joanna. |
| 245 ## - TITLE STATEMENT | |
| Title | The magic school bus : in the time of the dinosaurs / |
| Statement of responsibility, etc | by Joanna Cole ; illustrated by Bruce Degen. |
| 260 ## - PUBLICATION, DISTRIBUTION, ETC. (IMPRINT) | |
| Place of publication, distribution, etc | New York : |
| Name of publisher, distributor, etc | Scholastic, |
| Date of publication, distribution, etc | c1994. |
| 650 ## - SUBJECT ADDED ENTRY--TOPICAL TERM | |
| Topical term or geographic name as entry element | Dinosaurs |
| General subdivision | Pictorial works - |
| -- | Juvenile literature. |
| Withdrawn status | Lost status | Damaged status | Use restrictions | Home library | Current library | Shelving location | Date acquired | Source of acquisition | Cost, normal purchase price | Total Checkouts | Full call number | Barcode | Date last seen | Price effective from | Koha item type |
|---|---|---|---|---|---|---|---|---|---|---|---|---|---|---|---|
| Munich Library | Munich Library | Main Section | 10/26/2011 | 225.00 | M 567.9 C67 1992 | M6886 | 04/14/2014 | 04/14/2014 | Books |